[Event "Fenain op"]
[Site "Fenain"]
[Date "2007.02.26"]
[Round "4.9"]
[White "Gajewski, Nicolas"]
[Black "Leroux, Mathieu"]
[Result "0-1"]
[WhiteElo "1600"]
[BlackElo "2020"]
[PlyCount "32"]
[EventDate "2007.02.24"]
[EventType "swiss"]
[EventRounds "7"]
[EventCountry "FRA"]
[SourceTitle "CBM 117 Extra"]
[Source "ChessBase"]
[SourceDate "2007.05.09"]
[SourceVersion "1"]
[SourceVersionDate "2007.05.09"]
[SourceQuality "1"]

1. e4 e6 2. d4 d5 3. Nd2 c5 4. e5 Nc6 5. Ndf3 cxd4 6. Bb5 Qa5+ 7. Bd2 Qxb5 8. Rb1 Bc5 9. Ne2 Nge7 10. 0-0 Ng6 11. Bf4 Nxf4 12. Nxf4 Bd7 13. Nd3 Be7 14. Nf4 Qb6 15. Qd3 g5 16. Nh5 g4 0-1